Autechre Songs! - Statistics

General Stats
  • This quiz has been taken 3 times
  • The average score is 38 of 207
Answer Stats
Answer % Correct
444
100%
Bike
100%
Fold4,Wrap5
100%
Glitch
100%
Lowride
100%
Montreal
100%
Nine
100%
Piezo
100%
Silverside
100%
6IE.CR
50%
777
50%
Acroyear2
50%
Altibzz
50%
Arch Carrier
50%
Autriche
50%
Basscadet
50%
Bine
50%
bladelores
50%
Bronchus 2
50%
Calbruc
50%
Cfern
50%
Cichli
50%
Cipater
50%
Clipper
50%
cloudline
50%
C/Pach
50%
Dael
50%
Doctrine
50%
Drane2
50%
Eggshell
50%
Eutow
50%
Foil
50%
Further
50%
Gnit
50%
Hub
50%
Ipacial Section
50%
IV VV IV VV VIII
50%
Kalpol Introl
50%
LCC
50%
Lentic Catachresis
50%
Leterel
50%
Melve
50%
Nil
50%
Nuane
50%
Overand
50%
paralel Suns
50%
Parhelic Triangle
50%
Pen Expers
50%
Pule
50%
Rae
50%
r ess
50%
Rettic AC
50%
Rsdio
50%
Sim Gishel
50%
Slip
50%
Steels
50%
Sublimit
50%
SURRIPERE
50%
Tankakern
50%
Teartear
50%
Tewe
50%
The Trees
50%
Uviol
50%
VI Scose Poise
50%
Windwind
50%
Xylin Room
50%
Yulquen
50%
1 1 is
0%
13x0 step
0%
32a_reflected
0%
7FM ic
0%
7th slip
0%
90101-5I-I
0%
9 chr0
0%
acdwn2
0%
acid mwan idle
0%
all end
0%
artov chain
0%
au14
0%
Augmatic Disport
0%
bnc Castl
0%
bqbqbq
0%
c16 deep tread
0%
c7b2
0%
Caliper Remote
0%
carefree counter dronal
0%
chenc9
0%
chimer 1-5-1
0%
clustro casual
0%
column thirteen
0%
Corc
0%
curvcaten
0%
debris_funk
0%
deco Loc
0%
DekDre Scap B
0%
d-sho qub
0%
dummy casual pt2
0%
e0
0%
eastre
0%
ecoI4
0%
Eidetic Casein
0%
elyc6 0nset
0%
elyc9 7hres
0%
esc desc
0%
esle 0
0%
F7
0%
feed1
0%
Fermium
0%
Flep
0%
Fleure
0%
fLh
0%
Fol3
0%
foldfree casual
0%
four of seven
0%
frane casual
0%
freulaeux
0%
fwzE
0%
g 1 e 1
0%
glos ceramic
0%
gonk steady one
0%
gonk tuf hi
0%
gr4
0%
I3 ctrl
0%
icari
0%
Iera
0%
ii.pre esc
0%
ilanders
0%
IO
0%
irlite (get 0)
0%
jatevee C
0%
known(1)
0%
krYlon
0%
latentcall
0%
lux 106 mod
0%
M4 Lema
0%
Maetl
0%
marhide
0%
mesh cinereaL
0%
Metaz form8
0%
mirrage
0%
nineFly
0%
nodezsh
0%
north spiral
0%
Notwo
0%
O=0
0%
oneum
0%
os veix3
0%
Outh9X
0%
peal MA
0%
pendulu casual
0%
pendulu hv moda
0%
Perlence
0%
plyPhon
0%
P.:NTIL
0%
prac-f
0%
Pro Radii
0%
psin AM
0%
pt2ph8
0%
qplay
0%
rale
0%
r cazt
0%
recks on
0%
Recury
0%
redfall
0%
Reniform Puls
0%
Rotar
0%
runrepik
0%
sch.mefd 2
0%
see on see
0%
shimripl air
0%
shimripl casual
0%
si00
0%
Simmm
0%
sinistrailAB air
0%
six of eight (midst)
0%
SonDEremawe
0%
spaces how V
0%
spl9
0%
splesh
0%
spTh
0%
st epreo
0%
Stud
0%
t1a1
0%
TAPR
0%
TBM2
0%
T ess xi
0%
Theme Of Sudden Roundabout
0%
The Plc
0%
Theswere
0%
th red a
0%
TM1 open
0%
Treale
0%
tt1pd
0%
tuinorizn
0%
turbile epic casual, stpl idle
0%
Under BOAC
0%
vekoS
0%
violvoic
0%
VL AL 5
0%
Vose In
0%
V-PROC
0%
wetgelis casual interval
0%
WNSN
0%
X4
0%
xflood
0%
YJY UX
0%
Yuop
0%
No matching quizzes found
Score Distribution
Percent of People with Each Score
Percentile by Number Answered
Your Score History
You have not taken this quiz